000 00664nam a2200169Ia 4500
003 GCL
008 140319s9999 xx 000 0 ara d
040 _aGCL /
_cGCL
082 0 4 _aق
_b962.065
_bه ب
100 1 _aالهيئة العامة للاستعلامات
245 1 0 _aبرنامج 30 مارس شرح وتحليل /
_cالهيئة العامة للاستعلامات
300 _a119 ص
490 _aالهيئة العامة للاستعلامات
_v0
650 0 4 _aمصر - تاريخ - العصر الحديث - جمال عبدالناصر ( 1954-1970 )
650 0 4 _aمصر - تاريخ - العصر الحديث (1805 - 1956 )
942 _2ddc
_cBK
999 _c51641
_d51641